Elasticita dopytu a jej vplyv na rozhodovanie firmy diplomová práca

Gespeichert in:
Bibliographische Detailangaben
1. Verfasser: Hicová, Lea
Körperschaft: Fakulta podnikového manažmentu EU. Katedra podnikovohospodárska
Weitere Verfasser: Grisáková, Nora, 1978-
Format: Buch
Sprache:Slowakisch
Veröffentlicht: Bratislava 2018
Tags: Tag hinzufügen
Keine Tags, Fügen Sie das erste Tag hinzu!

MARC

LEADER 00000nbm a2200000 4500
001 0244916
005 20181004111608.7
041 0 |a slo 
044 |a SK 
245 1 0 |a Elasticita dopytu a jej vplyv na rozhodovanie firmy  |b diplomová práca  |c Lea Hicová ; školiteľ: Nora Grisáková 
264 1 |a Bratislava  |c 2018 
300 |a 67 s. 
100 1 |a Hicová, Lea 
700 1 |a Grisáková, Nora, 1978- 
710 2 |a Fakulta podnikového manažmentu EU. Katedra podnikovohospodárska